000 00813cam a22002651 4500
001 8975
003 BD-RjUL
005 20211208234706.0
008 142001s1964 njua b 001 0 eng
035 _a(BD-RjUL)9020
035 _a(OCoLC)390719
040 _aDLC
_cODaWU
_dOCoLC
_dDLC
_dBD-RjUL
_beng
041 _aeng
082 _a621.313
_bKOE
100 1 _aKosow, Irving L.
_927862
245 1 0 _aElectric machinery and control /
_c[by] Irving L. Kosow.
260 _aEnglewood Cliffs, N.J. :
_bPrentice-Hall ,
_cc1964 .
300 _axx, 707 p. :
_billus. ;
_c24 cm.
490 0 _aPrentice-Hall series in engineering technology
504 _aIncludes bibliographies and index.
650 0 _aElectric machinery.
_927863
650 0 _aElectric controllers.
_927864
942 _2ddc
_cBK
999 _c8975
_d8975